| 000 | 00892cam a22002651i 4500 | ||
|---|---|---|---|
| 001 | 7977722 | ||
| 005 | 20160201154711.0 | ||
| 008 | 810107s1963 nyu 000 1 eng | ||
| 010 | _a 63017971 | ||
| 035 | _a(OCoLC)7050692 | ||
| 040 |
_aDLC _cTxU _dFO _dDLC |
||
| 050 | 0 | 0 |
_aPZ3.C83942 _bOl _aPS3505.O9636 |
| 100 | 1 |
_aCoxe, George Harmon, _d1901-1984. |
|
| 245 | 1 | 0 |
_aOne hour to kill / _cGeorge Harmon Coxe. |
| 250 | _aBook club ed. | ||
| 260 |
_aNew York : _bKnopf, _c1963. |
||
| 300 |
_a182 p. ; _c22 cm. |
||
| 500 | _a"Based in part on the novelette The Fatal Hour, which appeared in The American magazine." | ||
| 500 | _aJacket design by Arthur Hawkins. | ||
| 500 | _aLinotype face (Caledonia) designed by W. A. Dwiggins. | ||
| 655 | 7 |
_aDetective and mystery stories. _2gsafd |
|
| 906 |
_a7 _bcbc _coclcrpl _du _encip _f19 _gy-gencatlg |
||
| 942 |
_2lcc _cSH_L_BOOKS |
||
| 999 |
_c9217 _d9217 |
||